00733nam a22002297i 4500003000900000005001700009007000300026008004100029020001800070040003000088041000800118082001900126100005400145245007400199246003300273264003900306300004300345336002700388337003300415338002800448700002700476DO-SdBNP20250508094440.0ta250508b2025 |||||||| |||| 00| 0 spa d a9789945801583 aDO-SdBNPbspacBNPHUerda hspa axxxbP762b2221 aPolanco Beltré, Elías, Polanco, Ysraeleautor04aLos bomberos son héroes /cElías Polanco Beltré, Ysrael Polanco aCuerpo de bomberos la Romana aSanto Domingo :bSantuario,c2025. a77 páginas :bilustraciones ;c24 cm ardacontentbtexto2txt ardamediabsin mediación2n ardacarrierbvolumen2nc aPolanco, Ysraeleautor